[Event "Tradewise Gibraltar Master 2015"]
[Site "Gibraltar ENG"]
[Date "2015.02.04"]
[Round "9.24"]
[White "Shyam, Sundar M"]
[Black "Roiz, Michael"]
[Result "1/2-1/2"]
[WhiteElo "2489"]
[BlackElo "2592"]
[PlyCount "83"]
[EventDate "2015.01.27"]
[EventType "swiss"]
[EventRounds "10"]
[EventCountry "ENG"]
[Source "lmi"]
[SourceDate "2015.01.27"]

1. e4 c6 2. d3 d5 3. Nd2 g6 4. Ngf3 Bg7 5. d4 dxe4 6. Nxe4 Bf5 7. Ng3 Bg4 8.
Bc4 e6 9. c3 Nf6 10. h3 Bxf3 11. Qxf3 Nbd7 12. Ne4 Nxe4 13. Qxe4 Nf6 14. Qf3
Nd5 15. a4 Rc8 16. O-O O-O 17. Rd1 Re8 18. g3 Qf6 19. Kg2 Qxf3+ 20. Kxf3 Red8
21. g4 Rd7 22. Bb3 Rcd8 23. Re1 Rc8 24. Bd2 Rb8 25. Re2 Rdd8 26. Rd1 Rd7 27.
Ra1 Rdd8 28. Rd1 Rd7 29. a5 Rdd8 30. c4 Ne7 31. Bg5 Rd7 32. d5 cxd5 33. Bxe7
Rxe7 34. cxd5 Rd8 35. dxe6 Rxd1 36. Bxd1 Rxe6 37. Rd2 Be5 38. Bb3 Re7 39. Re2
Bd6 40. Rxe7 Bxe7 41. Bd5 Bb4 42. Bxb7 1/2-1/2

[Event "Tradewise Gibraltar Master 2015"]
[Site "Gibraltar ENG"]
[Date "2015.02.04"]
[Round "9.25"]
[White "Nabaty, Tamir"]
[Black "Zhukova, Natalia"]
[Result "1-0"]
[WhiteElo "2579"]
[BlackElo "2482"]
[PlyCount "81"]
[EventDate "2015.01.27"]
[EventType "swiss"]
[EventRounds "10"]
[EventCountry "ENG"]
[Source "lmi"]
[SourceDate "2015.01.27"]

1. c4 c5 2. Nf3 Nc6 3. Nc3 e5 4. d3 Nge7 5. Bg5 h6 6. Bxe7 Bxe7 7. g3 d6 8. Bg2
Be6 9. Nd2 Qd7 10. Nd5 Bd8 11. a3 Bh3 12. O-O h5 13. Bxh3 Qxh3 14. e3 Rh6 15.
Qf3 Kf8 16. b4 Rc8 17. Ne4 b6 18. Qg2 Qd7 19. f4 exf4 20. Rxf4 Ne5 21. Raf1 f6
22. Qe2 Kg8 23. b5 Be7 24. Rf5 Qe8 25. Nf4 h4 26. gxh4 Rxh4 27. Rf2 Qd7 28. Nd5
Re8 29. R5f4 Rh6 30. Rg2 Kh8 31. Qf3 Ng6 32. Qg4 Qxg4 33. Rfxg4 Ne5 34. Nf2
Nxg4 35. Rxg4 Rh3 36. Kg2 Rh5 37. Nxe7 a5 38. Nd5 Re6 39. Re4 Rxe4 40. dxe4 Rh7
41. Kg3 1-0

[Event "Tradewise Gibraltar Master 2015"]
[Site "Gibraltar ENG"]
[Date "2015.02.04"]
[Round "9.27"]
[White "Adla, Diego"]
[Black "Sandipan, Chanda"]
[Result "0-1"]
[WhiteElo "2469"]
[BlackElo "2574"]
[PlyCount "72"]
[EventDate "2015.01.27"]
[EventType "swiss"]
[EventRounds "10"]
[EventCountry "ENG"]
[Source "lmi"]
[SourceDate "2015.01.27"]

1. c4 c6 2. e4 d5 3. exd5 cxd5 4. d4 Nf6 5. Nc3 Nc6 6. Bg5 e6 7. Nf3 Be7 8. c5
O-O 9. Bb5 Ne4 10. Bxe7 Nxe7 11. Qc2 Qa5 12. Bd3 Nxc3 13. bxc3 h6 14. Rb1 Qc7
15. O-O b6 16. c4 Bb7 17. cxd5 Bxd5 18. Bh7+ Kh8 19. Be4 Rac8 20. Rbc1 Qf4 21.
Rfe1 Rc7 22. Ne5 Rfc8 23. g3 Qf6 24. Qa4 Bxe4 25. Rxe4 Nd5 26. Ree1 Qf5 27. Nc4
Qg4 28. Nd6 Rd8 29. Nb5 Rxc5 30. Rxc5 bxc5 31. Qa5 Rc8 32. Nxa7 Ra8 33. Qxc5
Nf4 34. Qc7 Ne2+ 35. Kf1 Nxd4 36. Qxf7 Rxa7 0-1

[Event "Tradewise Gibraltar Master 2015"]
[Site "Gibraltar ENG"]
[Date "2015.02.04"]
[Round "9.30"]
[White "Troff, Kayden W"]
[Black "Guo, Qi"]
[Result "1-0"]
[WhiteElo "2541"]
[BlackElo "2439"]
[PlyCount "61"]
[EventDate "2015.01.27"]
[EventType "swiss"]
[EventRounds "10"]
[EventCountry "ENG"]
[Source "lmi"]
[SourceDate "2015.01.27"]

1. d4 d5 2. c4 e6 3. Nc3 Bb4 4. Nf3 Nf6 5. Bg5 h6 6. Bxf6 Qxf6 7. e3 O-O 8. Rc1
dxc4 9. Bxc4 c5 10. dxc5 Bxc5 11. Qc2 Bd7 12. a3 Bb6 13. Ba2 Bc6 14. Bb1 g6 15.
h4 Bxf3 16. gxf3 Qxf3 17. Rg1 Qh5 18. Ne2 Nc6 19. Nf4 Qf5 20. Qd1 Qa5+ 21. b4
Qxa3 22. Bxg6 fxg6 23. Rxg6+ Kf7 24. Rxe6 Qxb4+ 25. Kf1 Qb5+ 26. Kg1 Rg8+ 27.
Kh1 Rad8 28. Qc2 Rg7 29. Qa2 Rd5 30. Nxd5 Rg4 31. Re4 1-0

[Event "Tradewise Gibraltar Master 2015"]
[Site "Gibraltar ENG"]
[Date "2015.02.04"]
[Round "9.32"]
[White "Vishnu, Prasanna. V"]
[Black "Rasmussen, Allan Stig"]
[Result "0-1"]
[WhiteElo "2463"]
[BlackElo "2526"]
[PlyCount "68"]
[EventDate "2015.01.27"]
[EventType "swiss"]
[EventRounds "10"]
[EventCountry "ENG"]
[Source "lmi"]
[SourceDate "2015.01.27"]

1. e4 c6 2. d4 d5 3. e5 Bf5 4. h4 h5 5. c4 e6 6. Nc3 Be7 7. Nge2 dxc4 8. Ng3
Bg4 9. f3 Bxh4 10. Rxh4 Qxh4 11. Nce4 Bf5 12. Bg5 Qh2 13. Nd6+ Kf8 14. Ngxf5
exf5 15. Qc1 b5 16. b3 Nd7 17. a4 c5 18. Kf2 f6 19. axb5 fxg5 20. Qxg5 Ne7 21.
Bxc4 cxd4 22. f4 Nxe5 23. Nxf5 N5g6 24. Re1 Re8 25. Re4 h4 26. Ke1 Qg1+ 27. Kd2
Qf2+ 28. Kd3 Qf1+ 29. Kd2 Qf2+ 30. Kd3 h3 31. Nxe7 Nxe7 32. Rxe7 Qf1+ 33. Kxd4
Qa1+ 34. Kc5 Rxe7 0-1

[Event "Tradewise Gibraltar Master 2015"]
[Site "Gibraltar ENG"]
[Date "2015.02.04"]
[Round "9.33"]
[White "Dragnev, Valentin"]
[Black "Popilski, Gil"]
[Result "0-1"]
[WhiteElo "2344"]
[BlackElo "2522"]
[PlyCount "94"]
[EventDate "2015.01.27"]
[EventType "swiss"]
[EventRounds "10"]
[EventCountry "ENG"]
[Source "lmi"]
[SourceDate "2015.01.27"]

1. e4 c5 2. Ne2 Nf6 3. Nbc3 d6 4. g3 Nc6 5. Bg2 g6 6. d4 cxd4 7. Nxd4 Nxd4 8.
Qxd4 Bg7 9. b3 O-O 10. Bb2 Qa5 11. Qd2 Be6 12. Nd5 Qxd2+ 13. Kxd2 Bxd5 14. exd5
Ne4+ 15. Bxe4 Bxb2 16. Rab1 Bd4 17. f4 Rfc8 18. c4 a5 19. Kd3 Bg7 20. g4 a4 21.
b4 a3 22. Rbc1 Bb2 23. Rc2 Ra4 24. b5 Rb4 25. h4 Bg7 26. h5 Rb2 27. Rch2 gxh5
28. gxh5 Kh8 29. Rg2 Bh6 30. f5 Bf4 31. Rhg1 Bh2 32. Rc1 Be5 33. Bf3 h6 34.
Rcc2 Rb1 35. Rcd2 Bf6 36. Bd1 Bg5 37. Bc2 Rb2 38. Rde2 Rxa2 39. Ba4 Rxe2 40.
Rxe2 Ra8 41. Bb3 b6 42. Ke4 Kg7 43. Rg2 Kf6 44. Rg1 a2 45. Ra1 Ra3 46. Rxa2
Rxb3 47. Ra6 Be3 0-1

[Event "Tradewise Gibraltar Master 2015"]
[Site "Gibraltar ENG"]
[Date "2015.02.04"]
[Round "9.34"]
[White "Yu, Jonathan"]
[Black "Al-Sayed, Mohammed"]
[Result "0-1"]
[WhiteElo "2081"]
[BlackElo "2516"]
[PlyCount "56"]
[EventDate "2015.01.27"]
[EventType "swiss"]
[EventRounds "10"]
[EventCountry "ENG"]
[Source "lmi"]
[SourceDate "2015.01.27"]

1. e4 c5 2. Nf3 d6 3. Bb5+ Bd7 4. Bxd7+ Qxd7 5. O-O Nf6 6. Qe2 Nc6 7. c3 e6 8.
d4 cxd4 9. cxd4 d5 10. e5 Ne4 11. Be3 Be7 12. Ne1 h6 13. f3 Ng5 14. Nd3 O-O 15.
Nd2 f6 16. Rac1 Rac8 17. Nb3 b6 18. Bf2 fxe5 19. dxe5 Qb7 20. h4 Nf7 21. f4 Qa6
22. a3 Qa4 23. Nd2 Nd4 24. Qg4 Nf5 25. Qg6 Rxc1 26. Rxc1 Bxh4 27. Bxh4 Nxh4 28.
Nf3 Nxg6 0-1

[Event "Tradewise Gibraltar Master 2015"]
[Site "Gibraltar ENG"]
[Date "2015.02.04"]
[Round "9.35"]
[White "Sethuraman, S.P."]
[Black "Solomon, Kenny"]
[Result "1-0"]
[WhiteElo "2624"]
[BlackElo "2399"]
[PlyCount "87"]
[EventDate "2015.01.27"]
[EventType "swiss"]
[EventRounds "10"]
[EventCountry "ENG"]
[Source "lmi"]
[SourceDate "2015.01.27"]

1. d4 Nf6 2. c4 e6 3. Nc3 Bb4 4. Nf3 b6 5. e3 Bb7 6. Bd3 O-O 7. O-O Bxc3 8.
bxc3 d6 9. Nd2 Nbd7 10. e4 e5 11. f4 exf4 12. Rxf4 Re8 13. Bb2 Nf8 14. Qc2 Ng6
15. Rff1 c5 16. Rae1 Rc8 17. Bc1 cxd4 18. cxd4 b5 19. Qb3 bxc4 20. Bxc4 d5 21.
Bb5 Re6 22. e5 Ne4 23. Nxe4 dxe4 24. Be3 Bd5 25. Qa4 Rb6 26. Rc1 Rcb8 27. Rc5
h6 28. Bc4 Ne7 29. a3 Rb1 30. Bc1 R1b7 31. Qc2 Rc7 32. Bxd5 Nxd5 33. Qxe4 Nc3
34. Qe3 Nd5 35. Qf3 Rd7 36. Qg4 Rb6 37. Bd2 Rg6 38. Qf3 Ra6 39. h4 Ne7 40.
Qxf7+ Kh7 41. e6 Rb7 42. d5 Qb6 43. Bb4 Rc7 44. Qf2 1-0

[Event "Tradewise Gibraltar Master 2015"]
[Site "Gibraltar ENG"]
[Date "2015.02.04"]
[Round "9.37"]
[White "Karavade, Eesha"]
[Black "Vazquez Igarza, Renier"]
[Result "1/2-1/2"]
[WhiteElo "2398"]
[BlackElo "2592"]
[PlyCount "84"]
[EventDate "2015.01.27"]
[EventType "swiss"]
[EventRounds "10"]
[EventCountry "ENG"]
[Source "lmi"]
[SourceDate "2015.01.27"]

1. d4 e6 2. c4 b6 3. Nc3 Bb7 4. Nf3 Bb4 5. e3 f5 6. Bd3 Nf6 7. O-O O-O 8. Bd2
Bxc3 9. Bxc3 Ne4 10. Be1 Ng5 11. Be2 d6 12. Nxg5 Qxg5 13. Bf3 Bxf3 14. Qxf3 Nd7
15. Qc6 Qd8 16. b4 Nf6 17. f3 Qd7 18. Qxd7 Nxd7 19. Rc1 f4 20. exf4 Rxf4 21.
Bf2 e5 22. dxe5 Nxe5 23. Bg3 Rd4 24. Bxe5 dxe5 25. Rc2 Kf7 26. Re1 Kf6 27. Re3
c6 28. Kf2 Rad8 29. Ke2 R8d7 30. Ra3 Kf5 31. Rb3 e4 32. a4 Re7 33. c5 exf3+ 34.
Kxf3 Rf4+ 35. Kg3 Re6 36. cxb6 Rg4+ 37. Kf3 Rf4+ 38. Kg3 Rg6+ 39. Kh3 Rh6+ 40.
Kg3 Rg6+ 41. Kh3 Rh6+ 42. Kg3 Rg6+ 1/2-1/2

[Event "Tradewise Gibraltar Master 2015"]
[Site "Gibraltar ENG"]
[Date "2015.02.04"]
[Round "9.38"]
[White "Foisor, Cristina-Adela"]
[Black "Stefansson, Hannes"]
[Result "1/2-1/2"]
[WhiteElo "2390"]
[BlackElo "2573"]
[PlyCount "107"]
[EventDate "2015.01.27"]
[EventType "swiss"]
[EventRounds "10"]
[EventCountry "ENG"]
[Source "lmi"]
[SourceDate "2015.01.27"]

1. d4 d5 2. Nf3 Nf6 3. g3 Bf5 4. Bg2 e6 5. O-O Be7 6. c4 c6 7. Nc3 Ne4 8. Qb3
Qb6 9. Nh4 Qxb3 10. axb3 Nxc3 11. bxc3 Bc2 12. cxd5 cxd5 13. Ba3 b5 14. Bxe7
Kxe7 15. c4 Bxb3 16. cxd5 Bxd5 17. Nf5+ Kd7 18. Bxd5 exd5 19. Rfc1 g6 20. Ne3
Nc6 21. Rc5 b4 22. Rxd5+ Ke7 23. Ra6 Rhc8 24. Rb5 Nxd4 25. Rxb4 Rc6 26. Ra2 Rd6
27. Nc4 Re6 28. e3 Nc6 29. Rb7+ Kf8 30. Nb6 Rd8 31. Nd7+ Ke8 32. Nc5 Re7 33.
Ra6 Rxb7 34. Nxb7 Rd7 35. Nc5 Rc7 36. Ne4 Ke7 37. g4 h6 38. Kg2 Nb8 39. Ra3 a6
40. h4 Ra7 41. f4 a5 42. Kf3 Nd7 43. g5 h5 44. Nc3 Ra6 45. Ke4 Kd6 46. Kd4 Kc6
47. Nd5 Kb7 48. e4 Nb6 49. f5 Nxd5 50. Kxd5 a4 51. Kc5 Kc7 52. Kb5 Rb6+ 53. Kc5
Ra6 54. Kb5 1/2-1/2

[Event "Tradewise Gibraltar Master 2015"]
[Site "Gibraltar ENG"]
[Date "2015.02.04"]
[Round "9.39"]
[White "Houska, Jovanka"]
[Black "Mikhalevski, Victor"]
[Result "0-1"]
[WhiteElo "2388"]
[BlackElo "2571"]
[PlyCount "48"]
[EventDate "2015.01.27"]
[EventType "swiss"]
[EventRounds "10"]
[EventCountry "ENG"]
[Source "lmi"]
[SourceDate "2015.01.27"]

1. d4 Nf6 2. Nf3 g6 3. c4 Bg7 4. g3 d5 5. cxd5 Nxd5 6. Bg2 Nb6 7. O-O Nc6 8. e3
O-O 9. Nc3 Re8 10. a3 Be6 11. Nd2 a5 12. Nb3 Bc4 13. Re1 e5 14. d5 Ne7 15. e4
c6 16. Nc5 cxd5 17. exd5 Nexd5 18. Nxb7 Qd7 19. Nc5 Qc6 20. N5a4 Nxa4 21. Nxa4
e4 22. Rxe4 Rxe4 23. Bxe4 Re8 24. Bf3 Qxa4 0-1

[Event "Tradewise Gibraltar Master 2015"]
[Site "Gibraltar ENG"]
[Date "2015.02.04"]
[Round "9.40"]
[White "Oparin, Grigoriy"]
[Black "Codenotti, Marco"]
[Result "1-0"]
[WhiteElo "2551"]
[BlackElo "2374"]
[PlyCount "99"]
[EventDate "2015.01.27"]
[EventType "swiss"]
[EventRounds "10"]
[EventCountry "ENG"]
[Source "lmi"]
[SourceDate "2015.01.27"]

1. e4 e5 2. Nf3 Nc6 3. Bb5 Nf6 4. O-O Nxe4 5. d4 Nd6 6. Bxc6 dxc6 7. dxe5 Nf5
8. Qxd8+ Kxd8 9. h3 Ke8 10. Nc3 b6 11. Rd1 h6 12. Bf4 Bb4 13. Ne2 Ba6 14. Ned4
Nxd4 15. Nxd4 Bb7 16. e6 Rc8 17. Rd3 Ke7 18. a3 Bc5 19. Re1 Bxd4 20. exf7+ Kxf7
21. Rxd4 Rhd8 22. Rxd8 Rxd8 23. Bxc7 Rd2 24. Rc1 c5 25. Bb8 a6 26. Bf4 Rd7 27.
f3 Bc6 28. Kf2 h5 29. Bg5 Rd5 30. h4 Bd7 31. Be3 Be6 32. a4 c4 33. Ra1 Bf5 34.
c3 b5 35. a5 g6 36. Rg1 Bc2 37. Rc1 Bf5 38. Re1 Rd7 39. Bg5 Be6 40. Re4 Rd5 41.
Ke2 Rd6 42. Rf4+ Kg7 43. Bf6+ Kh7 44. Bd4 Bf5 45. Kf2 Re6 46. Be3 Kg8 47. Rd4
Kf7 48. Rd5 Ke8 49. Bg5 Bd3 50. b4 1-0

[Event "Tradewise Gibraltar Master 2015"]
[Site "Gibraltar ENG"]
[Date "2015.02.04"]
[Round "9.41"]
[White "Chirila, Ioan-Cristian"]
[Black "Bellon Lopez, Juan Manuel"]
[Result "1-0"]
[WhiteElo "2548"]
[BlackElo "2370"]
[PlyCount "81"]
[EventDate "2015.01.27"]
[EventType "swiss"]
[EventRounds "10"]
[EventCountry "ENG"]
[Source "lmi"]
[SourceDate "2015.01.27"]

1. d4 Nf6 2. c4 c5 3. d5 e5 4. Nc3 d6 5. g3 Be7 6. Bg2 O-O 7. e4 Ne8 8. Nge2 f5
9. O-O g6 10. Bh6 Ng7 11. Qd2 Nd7 12. h3 Rf7 13. Kh2 Rb8 14. Rae1 Bf6 15. b3 a6
16. a4 Qb6 17. Qc2 Nf8 18. f4 Qd8 19. fxe5 Bxe5 20. Bf4 Bxf4 21. Nxf4 g5 22.
Nd3 Ng6 23. e5 dxe5 24. Nxe5 Nxe5 25. Rxe5 Qd6 26. Rfe1 Bd7 27. Qe2 Rbf8 28.
Re7 f4 29. Rxf7 fxg3+ 30. Kg1 Rxf7 31. Ne4 Qh6 32. Qe3 Nf5 33. Qxg5+ Qxg5 34.
Nxg5 Rf6 35. Ne4 Rf7 36. Nxc5 h5 37. d6 Nd4 38. Bd5 Bxh3 39. Re3 b6 40. d7 Nc6
41. Re8+ 1-0

[Event "Tradewise Gibraltar Master 2015"]
[Site "Gibraltar ENG"]
[Date "2015.02.04"]
[Round "9.43"]
[White "Bartel, Marta"]
[Black "Tarjan, James E"]
[Result "1-0"]
[WhiteElo "2347"]
[BlackElo "2518"]
[PlyCount "107"]
[EventDate "2015.01.27"]
[EventType "swiss"]
[EventRounds "10"]
[EventCountry "ENG"]
[Source "lmi"]
[SourceDate "2015.01.27"]

1. d4 Nf6 2. Nf3 e6 3. c4 b6 4. a3 Bb7 5. Nc3 d5 6. Bg5 Be7 7. e3 O-O 8. cxd5
exd5 9. Bd3 c5 10. O-O Nbd7 11. Rc1 a6 12. Bb1 Re8 13. Qc2 g6 14. Rcd1 Rc8 15.
Qb3 c4 16. Qc2 Bd6 17. Bf4 Bxf4 18. exf4 Ne4 19. Ne5 f6 20. Ng4 b5 21. Rfe1 Kg7
22. Ne3 Nxc3 23. Qxc3 Qc7 24. g3 Qd6 25. h4 Re7 26. f5 Rh8 27. Re2 Re4 28. Kg2
g5 29. hxg5 Rhe8 30. Bxe4 dxe4 31. gxf6+ Nxf6 32. Rh1 Nd5 33. Nxd5 Qxd5 34. f6+
Kh8 35. Qe3 a5 36. Ree1 Qf5 37. Rh6 Rf8 38. Reh1 Rf7 39. R1h5 Qd7 40. Kh2 b4
41. axb4 axb4 42. Rc5 c3 43. bxc3 b3 44. Qf4 Qe8 45. Rb5 e3 46. fxe3 Qa8 47.
Qf2 Bd5 48. e4 Bc4 49. Rb4 Ra7 50. Qf5 Qf8 51. Rh4 Qg8 52. d5 Ba6 53. Rxb3 Bc8
54. Qf2 1-0

[Event "Tradewise Gibraltar Master 2015"]
[Site "Gibraltar ENG"]
[Date "2015.02.04"]
[Round "9.44"]
[White "Boruchovsky, Avital"]
[Black "Paehtz, Thomas"]
[Result "0-1"]
[WhiteElo "2517"]
[BlackElo "2365"]
[PlyCount "100"]
[EventDate "2015.01.27"]
[EventType "swiss"]
[EventRounds "10"]
[EventCountry "ENG"]
[Source "lmi"]
[SourceDate "2015.01.27"]

1. e4 e5 2. Nf3 Nc6 3. Bb5 a6 4. Ba4 Nf6 5. O-O b5 6. Bb3 Be7 7. Re1 O-O 8. h3
Bb7 9. c3 d5 10. d3 dxe4 11. dxe4 Qxd1 12. Bxd1 Nd7 13. Be3 Nc5 14. Be2 Rfd8
15. Nbd2 Nd3 16. Bxd3 Rxd3 17. Nb3 a5 18. Bc5 a4 19. Nc1 Rd7 20. Bxe7 Rxe7 21.
Nd3 Na5 22. Nc5 Bc6 23. b3 Nb7 24. Nd3 f6 25. Rad1 Rd8 26. bxa4 bxa4 27. Nb2
Rxd1 28. Rxd1 Bxe4 29. Nd2 Bc6 30. Ndc4 Rd7 31. Rxd7 Bxd7 32. Ne3 Nc5 33. a3
Bc6 34. f3 Kf7 35. Kf2 Ke6 36. Nc2 f5 37. Nb4 Ba8 38. Ke2 f4 39. N2d3 Kd6 40.
c4 Nb3 41. Kf2 g5 42. Nb2 Nc1 43. Nd1 e4 44. Nc3 Ke5 45. Nc2 Bb7 46. Nb5 e3+
47. Kg1 Ba6 48. Nxc7 Bxc4 49. h4 Nd3 50. hxg5 Bb3 0-1

[Event "Tradewise Gibraltar Master 2015"]
[Site "Gibraltar ENG"]
[Date "2015.02.04"]
[Round "9.46"]
[White "Donchenko, Alexander"]
[Black "Holm, Kristian Stuvik"]
[Result "1-0"]
[WhiteElo "2511"]
[BlackElo "2330"]
[PlyCount "71"]
[EventDate "2015.01.27"]
[EventType "swiss"]
[EventRounds "10"]
[EventCountry "ENG"]
[Source "lmi"]
[SourceDate "2015.01.27"]

1. d4 Nf6 2. c4 e6 3. Nc3 Bb4 4. Qc2 O-O 5. Nf3 c5 6. dxc5 Na6 7. g3 Nxc5 8.
Bg2 b6 9. O-O Bb7 10. Nb5 Be4 11. Qd1 Nb7 12. Bf4 Be7 13. Nc3 Bc6 14. Qc2 Nc5
15. b4 Nce4 16. Ne5 Nxc3 17. Nxc6 dxc6 18. Qxc3 Rc8 19. Rfd1 Nd7 20. Qd3 e5 21.
Qxd7 exf4 22. Qxa7 Qc7 23. Qxc7 Rxc7 24. a3 fxg3 25. hxg3 f5 26. Rd3 Rd8 27.
Rxd8+ Bxd8 28. a4 Bf6 29. Ra2 Kf7 30. a5 bxa5 31. Rxa5 g6 32. Ra6 Be7 33. Rb6
Ke6 34. Bxc6 Ke5 35. e3 Bxb4 36. Bd5 1-0

[Event "Tradewise Gibraltar Master 2015"]
[Site "Gibraltar ENG"]
[Date "2015.02.04"]
[Round "9.47"]
[White "Nuri, Kambez"]
[Black "Debashis, Das"]
[Result "0-1"]
[WhiteElo "2305"]
[BlackElo "2503"]
[PlyCount "56"]
[EventDate "2015.01.27"]
[EventType "swiss"]
[EventRounds "10"]
[EventCountry "ENG"]
[Source "lmi"]
[SourceDate "2015.01.27"]

1. e4 c5 2. Nf3 d6 3. Bb5+ Nc6 4. O-O Bd7 5. Re1 Nf6 6. c3 a6 7. Bf1 Bg4 8. h3
Bh5 9. d3 e6 10. Nbd2 Be7 11. b3 O-O 12. Bb2 Rc8 13. g4 Bg6 14. Nh4 Nd7 15.
Nxg6 fxg6 16. Bg2 Bh4 17. Rf1 Bg5 18. Nc4 Qe7 19. Bc1 Bxc1 20. Qxc1 g5 21. f4
b5 22. Nb2 gxf4 23. Rxf4 Nde5 24. Rxf8+ Rxf8 25. a3 Nf3+ 26. Bxf3 Rxf3 27. Kg2
Ne5 28. Qe1 Qf6 0-1

[Event "Tradewise Gibraltar Master 2015"]
[Site "Gibraltar ENG"]
[Date "2015.02.04"]
[Round "9.48"]
[White "Smith, Axel"]
[Black "Guerrero Vargas, Andres"]
[Result "1/2-1/2"]
[WhiteElo "2483"]
[BlackElo "2320"]
[PlyCount "98"]
[EventDate "2015.01.27"]
[EventType "swiss"]
[EventRounds "10"]
[EventCountry "ENG"]
[Source "lmi"]
[SourceDate "2015.01.27"]

1. Nf3 c5 2. c4 Nf6 3. g3 g6 4. Bg2 Bg7 5. d4 cxd4 6. Nxd4 Nc6 7. Nc3 O-O 8.
Nc2 d6 9. O-O Qa5 10. Nd5 Nxd5 11. cxd5 Ne5 12. Bd2 Qa6 13. Bc3 Bf5 14. Nd4 Bd7
15. f4 Ng4 16. Qd2 Rfc8 17. e4 b5 18. h3 b4 19. hxg4 bxc3 20. bxc3 Qa4 21. e5
dxe5 22. Nc6 Bxc6 23. dxc6 e4 24. Rae1 Qxc6 25. Rxe4 Rab8 26. Rxe7 Qc5+ 27. Qe3
Qxe3+ 28. Rxe3 Bxc3 29. Kh2 Ba5 30. Bd5 Rb2+ 31. Kh3 Rcc2 32. g5 Kf8 33. Bb3
Bb6 34. Rd3 Rd2 35. Rd1 Rxd1 36. Rxd1 Re2 37. Rd7 Re7 38. Rd3 Kg7 39. Kg4 h6
40. gxh6+ Kxh6 41. f5 Re4+ 42. Kf3 gxf5 43. Bxf7 Kg5 44. Rd6 Re3+ 45. Kg2 Rxg3+
46. Kxg3 Bc7 47. Kf3 Bxd6 48. a4 a5 49. Bc4 Bc5 1/2-1/2

[Event "Tradewise Gibraltar Master 2015"]
[Site "Gibraltar ENG"]
[Date "2015.02.04"]
[Round "9.49"]
[White "Pichot, Alan"]
[Black "Sorm, Daniel"]
[Result "1-0"]
[WhiteElo "2480"]
[BlackElo "2319"]
[PlyCount "73"]
[EventDate "2015.01.27"]
[EventType "swiss"]
[EventRounds "10"]
[EventCountry "ENG"]
[Source "lmi"]
[SourceDate "2015.01.27"]

1. e4 e5 2. Nf3 Nc6 3. Bb5 Nf6 4. d3 Bc5 5. O-O d6 6. c3 O-O 7. h3 h6 8. d4 Bb6
9. Re1 Ne7 10. a4 c6 11. Bf1 Ng6 12. Nbd2 Re8 13. Nc4 Bc7 14. d5 cxd5 15. exd5
Ne7 16. Nfxe5 Nexd5 17. Nf3 Rxe1 18. Qxe1 Bf5 19. Nd4 Bg6 20. Bd2 Qd7 21. Qd1
a6 22. a5 Ne4 23. Be1 Nf4 24. f3 Ng5 25. Nb6 Bxb6 26. axb6 Rd8 27. Bg3 Nfe6 28.
h4 Nxd4 29. cxd4 Nh7 30. Rc1 d5 31. Rc7 Qe6 32. Rxb7 Qc6 33. Re7 Nf8 34. b7 Qf6
35. Rc7 Qe6 36. Qb3 Rb8 37. Rc3 1-0

[Event "Tradewise Gibraltar Master 2015"]
[Site "Gibraltar ENG"]
[Date "2015.02.04"]
[Round "9.50"]
[White "Tate, Alan"]
[Black "Das, Arghyadip"]
[Result "0-1"]
[WhiteElo "2297"]
[BlackElo "2476"]
[PlyCount "54"]
[EventDate "2015.01.27"]
[EventType "swiss"]
[EventRounds "10"]
[EventCountry "ENG"]
[Source "lmi"]
[SourceDate "2015.01.27"]

1. e4 e6 2. d4 d5 3. Nd2 Nf6 4. e5 Nfd7 5. Bd3 c5 6. c3 Nc6 7. Ngf3 g6 8. h4 h6
9. Bc2 Bg7 10. Nb3 b6 11. Be3 Qe7 12. Qd2 a5 13. Nc1 Ba6 14. Ne2 Bxe2 15. Kxe2
b5 16. Rh3 Nb6 17. b3 c4 18. h5 g5 19. Nxg5 hxg5 20. h6 Bxh6 21. Rxh6 Rxh6 22.
Bxg5 Qa3 23. Bxh6 cxb3 24. Bxb3 a4 25. Bc2 b4 26. Rb1 Qxa2 27. cxb4 Nxb4 0-1

[Event "Tradewise Gibraltar Master 2015"]
[Site "Gibraltar ENG"]
[Date "2015.02.04"]
[Round "9.51"]
[White "Melia, Salome"]
[Black "Plotkin, Victor"]
[Result "1/2-1/2"]
[WhiteElo "2473"]
[BlackElo "2306"]
[PlyCount "60"]
[EventDate "2015.01.27"]
[EventType "swiss"]
[EventRounds "10"]
[EventCountry "ENG"]
[Source "lmi"]
[SourceDate "2015.01.27"]

1. e4 e5 2. Bc4 Nf6 3. d3 Bc5 4. Nf3 Nc6 5. O-O d6 6. c3 O-O 7. h3 a6 8. Bb3
Ba7 9. Nbd2 Ne7 10. Re1 Ng6 11. Nf1 Be6 12. Bc2 Nh5 13. Be3 Ngf4 14. Ng3 Bxe3
15. Rxe3 Qf6 16. Nxh5 Nxh5 17. Nh2 Nf4 18. Bb3 Bxb3 19. axb3 Qe6 20. Rg3 f5 21.
Nf1 fxe4 22. dxe4 Rf6 23. Ne3 Raf8 24. b4 Kh8 25. Kh2 g6 26. Ng4 R6f7 27. Nh6
Rf6 28. Ng4 R6f7 29. Nh6 Rf6 30. Ng4 R6f7 1/2-1/2

[Event "Tradewise Gibraltar Master 2015"]
[Site "Gibraltar ENG"]
[Date "2015.02.04"]
[Round "9.52"]
[White "Salomon, Johan"]
[Black "Carlsson, Pontus"]
[Result "1-0"]
[WhiteElo "2319"]
[BlackElo "2465"]
[PlyCount "141"]
[EventDate "2015.01.27"]
[EventType "swiss"]
[EventRounds "10"]
[EventCountry "ENG"]
[Source "lmi"]
[SourceDate "2015.01.27"]

1. c4 c6 2. d4 d5 3. Nf3 Nf6 4. e3 Bf5 5. Nc3 e6 6. Nh4 Bg6 7. Be2 Nbd7 8. O-O
Ne4 9. g3 Be7 10. Nxg6 hxg6 11. cxd5 exd5 12. Nxe4 dxe4 13. f3 exf3 14. Bc4 Nf6
15. Qxf3 Qd7 16. Bd2 Bd6 17. Bc3 O-O-O 18. e4 Qh3 19. Qg2 Nxe4 20. Qxh3+ Rxh3
21. Bxf7 Kb8 22. Rae1 Nxc3 23. bxc3 Bxg3 24. hxg3 Rxg3+ 25. Kf2 Rxc3 26. Rd1
Rd6 27. Ke2 Rg3 28. Rd3 Rg4 29. d5 Rg2+ 30. Ke3 Rg3+ 31. Kd4 Rxd3+ 32. Kxd3
cxd5 33. Kd4 Kc7 34. Bxd5 Rf6 35. Rc1+ Kb8 36. Re1 Rb6 37. Kc5 Rb2 38. Re8+ Kc7
39. Re7+ Kb8 40. Rxg7 a6 41. Rxg6 Ka7 42. Rg7 Rb6 43. Rg3 Rb2 44. Rg7 Rb6 45.
Rh7 Rb2 46. Kd6 Kb8 47. Rh3 Rb6+ 48. Kc5 Rb5+ 49. Kc4 Rb2 50. Kd4 Kc7 51. Rc3+
Kd6 52. Bb3 Rh2 53. Rc8 Rh4+ 54. Kc3 Kd7 55. Rc4 Rh5 56. Rf4 Kc8 57. Rf7 Rh8
58. Kd4 Rh5 59. Bd5 Rh4+ 60. Ke5 Rh7 61. Rf3 Rh6 62. Rg3 Rh7 63. Rg2 Kb8 64.
Kd6 Rh6+ 65. Kc5 Rh7 66. Rf2 Rc7+ 67. Kd6 Rc8 68. Rf7 Rg8 69. Kc5 Rc8+ 70. Kb6
Rg8 71. Ka5 1-0

[Event "Tradewise Gibraltar Master 2015"]
[Site "Gibraltar ENG"]
[Date "2015.02.04"]
[Round "9.53"]
[White "Walton, Alan J"]
[Black "Mkrtchian, Lilit"]
[Result "0-1"]
[WhiteElo "2129"]
[BlackElo "2449"]
[PlyCount "100"]
[EventDate "2015.01.27"]
[EventType "swiss"]
[EventRounds "10"]
[EventCountry "ENG"]
[Source "lmi"]
[SourceDate "2015.01.27"]

1. d4 Nf6 2. Bg5 e6 3. e3 c5 4. c3 cxd4 5. exd4 b6 6. Nf3 Bb7 7. Bd3 Be7 8. O-O
d6 9. Nbd2 Nbd7 10. Re1 O-O 11. Qe2 a6 12. Nf1 Re8 13. Ng3 Qc7 14. Ne4 Nd5 15.
Bd2 Bf8 16. c4 N5f6 17. Rac1 g6 18. b4 Rac8 19. Nxf6+ Nxf6 20. Bg5 Bg7 21. Nd2
Qc6 22. Nf3 Qa4 23. Qd2 Bxf3 24. gxf3 Nh5 25. Be3 Qd7 26. c5 b5 27. a4 bxa4 28.
cxd6 Qxd6 29. Bb5 Rxc1 30. Rxc1 Rd8 31. Bc6 f5 32. Bg5 Rb8 33. d5 f4 34. Re1 e5
35. Qa2 Bf8 36. Qb2 h6 37. Bh4 Rxb4 38. Qxe5 Qxe5 39. Rxe5 g5 40. d6 Bxd6 41.
Re6 Bf8 42. Bxg5 hxg5 43. Rg6+ Kf7 44. Rxg5 Nf6 45. h4 Rc4 46. Be4 Rc5 47. Rg2
Nxe4 48. fxe4 f3 49. Rg5 Rxg5+ 50. hxg5 Bd6 0-1